Detalles MARC
| 000 -CABECERA |
| campo de control de longitud fija |
07047ngm a2201237 i 4500 |
| 001 - NÚMERO DE CONTROL |
| campo de control |
991061511067506706 |
| 003 - IDENTIFICADOR DEL NÚMERO DE CONTROL |
| campo de control |
ES-BaIT |
| 005 - FECHA Y HORA DE LA ÚLTIMA TRANSACCIÓN |
| campo de control |
20260209124411.0 |
| 007 - CAMPO FIJO DE DESCRIPCIÓN FÍSICA--INFORMACIÓN GENERAL |
| campo de control de longitud fija |
vd#csaizk |
| 008 - DATOS DE LONGITUD FIJA--INFORMACIÓN GENERAL |
| campo de control de longitud fija |
251030p20182013fr 480 vleng c |
| 024 8# - IDENTIFICADOR DE OTROS ESTÁNDARES |
| Número estándar o código |
3760115306202 |
| Información calificativa |
(contenidor) |
| 028 42 - NÚMERO DE EDITOR O DISTRIBUIDOR |
| Número de editor o de distribuidor |
EDV 1681 |
| Fuente |
BelAir Classiques |
| Información calificativa |
(superfície del disc) |
| 028 42 - NÚMERO DE EDITOR O DISTRIBUIDOR |
| Número de editor o de distribuidor |
BD25 |
| Información calificativa |
superfície del disc (La bayadère ; Swan lake, i The golden age) |
| 028 42 - NÚMERO DE EDITOR O DISTRIBUIDOR |
| Número de editor o de distribuidor |
BD50 |
| Información calificativa |
superfície del disc (Marco Spada) |
| 028 42 - NÚMERO DE EDITOR O DISTRIBUIDOR |
| Número de editor o de distribuidor |
BAC620 |
| Información calificativa |
conjunt del contenidor |
| 028 42 - NÚMERO DE EDITOR O DISTRIBUIDOR |
| Número de editor o de distribuidor |
BAC501 |
| Información calificativa |
superfície del disc (La bayadère) |
| 028 42 - NÚMERO DE EDITOR O DISTRIBUIDOR |
| Número de editor o de distribuidor |
BAC413 |
| Información calificativa |
superfície del disc (Marco Spada) |
| 028 42 - NÚMERO DE EDITOR O DISTRIBUIDOR |
| Número de editor o de distribuidor |
BAC419 |
| Información calificativa |
superfície del disc(Swan Lake) |
| 028 42 - NÚMERO DE EDITOR O DISTRIBUIDOR |
| Número de editor o de distribuidor |
BAC443 |
| Información calificativa |
superfície del disc (Golden age) |
| 035 ## - NÚMERO DE CONTROL DEL SISTEMA |
| Número de control de sistema |
(OCoLC)1344512786 |
| 035 ## - NÚMERO DE CONTROL DEL SISTEMA |
| Número de control de sistema |
(OCoLC)on1344512786 |
| 040 ## - FUENTE DE LA CATALOGACIÓN |
| Centro catalogador/agencia de origen |
ES-BaIT |
| Lengua de catalogación |
cat |
| Normas de descripción |
rda |
| Centro/agencia transcriptor |
ES-BaIT |
| 041 ## - CÓDIGO DE LENGUA |
| Código de lengua del texto/banda sonora o título independiente |
eng |
| Código de lengua de los libretos |
fre |
| Código de lengua original |
fre |
| 245 00 - MENCIÓN DE TÍTULO |
| Título |
Great ballets from the Bolshoi |
| Número de parte o sección de la obra |
Vol. 2. / |
| Mención de responsabilidad, etc. |
filmed by Vincent Bataillon ; produced by François Duplat. |
| 246 33 - FORMA VARIANTE DE TÍTULO |
| Título propio/Titulo breve |
Great ballets from the Bolshoi |
| Número de parte o sección de la obra |
volume 2 |
| 246 33 - FORMA VARIANTE DE TÍTULO |
| Título propio/Titulo breve |
Great ballets from the Bolshoi |
| Número de parte o sección de la obra |
volume two |
| 264 #1 - PRODUCCIÓN, PUBLICACIÓN, DISTRIBUCIÓN, FABRICACIÓN Y COPYRIGHT |
| Producción, publicación, distribución, fabricación y copyright |
[Paris] : |
| Nombre del de productor, editor, distribuidor, fabricante |
BelAir Classiques, |
| Fecha de producción, publicación, distribución, fabricación o copyright |
[2018] |
| 264 #4 - PRODUCCIÓN, PUBLICACIÓN, DISTRIBUCIÓN, FABRICACIÓN Y COPYRIGHT |
| Fecha de producción, publicación, distribución, fabricación o copyright |
©2018 |
| 300 ## - DESCRIPCIÓN FÍSICA |
| Extensión |
4 videodiscs (480 min) : |
| Otras características físicas |
so, color ; |
| Dimensiones |
12 cm |
| 336 ## - TIPO DE CONTENIDO |
| Término de tipo de contenido |
imatge en moviment bidimensional |
| Código de tipo de contenido |
tdi |
| Fuente |
rdacontent |
| 337 ## - TIPO DE MEDIO |
| Nombre/término del tipo de medio |
vídeo |
| Código del tipo de medio |
v |
| Fuente |
rdamedia |
| 338 ## - TIPO DE SOPORTE |
| Nombre/término del tipo de soporte |
videodisc |
| Código del tipo de soporte |
vd |
| Fuente |
rdacarrier |
| 344 ## - CARACTERÍSTICAS DE SONIDO |
| Tipo de grabación |
digital |
| 344 ## - CARACTERÍSTICAS DE SONIDO |
| Medio de grabación |
òptic |
| 344 ## - CARACTERÍSTICAS DE SONIDO |
| Configuración de los canales de reproducción del sonido |
estèreo |
| Características especiales de reproducción |
PCM 2.0 |
| Fuente |
rda |
| 344 ## - CARACTERÍSTICAS DE SONIDO |
| Características especiales de reproducción |
PCM 2.0 |
| Fuente |
rda |
| 344 ## - CARACTERÍSTICAS DE SONIDO |
| Tipo de grabación |
digital |
| Fuente |
rda |
| 344 ## - CARACTERÍSTICAS DE SONIDO |
| Configuración de los canales de reproducción del sonido |
so envoltant |
| Fuente |
rda |
| 344 ## - CARACTERÍSTICAS DE SONIDO |
| Características especiales de reproducción |
Dolby Digital 5.1 |
| Fuente |
rda |
| 347 ## - CARACTERÍSTICAS DEL ARCHIVO DIGITAL |
| Tipo de archivo |
fitxer vídeo |
| Fuente |
rda |
| 347 ## - CARACTERÍSTICAS DEL ARCHIVO DIGITAL |
| Formato de codificación |
Blu-ray |
| 490 1# - MENCIÓN DE SERIE |
| Mención de serie |
The Bolshoi Ballet HD collection |
| 500 ## - NOTA GENERAL |
| Nota general |
Tiítols i crèdits obtinguts de la superfície del disc i contenidor |
| 505 8# - NOTA DE CONTENIDO CON FORMATO |
| Nota de contenido con formato |
Conté: |
| Título |
La bayadère (126 min) / |
| Mención de responsabilidad |
A BelAir Media production from the State Academic Bolshoi Theatre of Russia Production in association with A Plus Image 4, VGTRK Russia-Kultura TV Channel, Pathé Live, Medici TV ; Ludwig Minkus ; choreography, Marius Petipa ; new choreographic version, Yuri Grigorovic. |
| 505 8# - NOTA DE CONTENIDO CON FORMATO |
| Nota de contenido con formato |
Conté: |
| Título |
Marco Spada (126 min) / |
| Mención de responsabilidad |
A BelAir Media and State Academic Bolshoi Theatre of Russia production ; in coproduction with Mezzo in association with Pathé Live ; Daniel-François-Esprit Auber ; choreography, Pierre Lacotte. |
| 505 8# - NOTA DE CONTENIDO CON FORMATO |
| Nota de contenido con formato |
Conté: |
| Título |
Swan lake : |
| -- |
Le lac des cygnes : |
| -- |
Schwanensee (125 min) / |
| Mención de responsabilidad |
A BelAir Media production in association with the State Academic Bolshoi Theatre of Russia, France Televisions, Mezzo ; Pyotr Ilyich Tchaikovsky ; choreography, Yuri Grigorovich. |
| 505 80 - NOTA DE CONTENIDO CON FORMATO |
| Nota de contenido con formato |
Conté: |
| Título |
The golden age : |
| -- |
L'âge d'or (103 min) / |
| Mención de responsabilidad |
A coproduction BelAir Media, State Academic Bolshoi Theatre of Russia, Mezzo in association with Pathe Live ; Dmitri Shostakovich ; choreography, Yuri Grigorovich. |
| 505 8# - NOTA DE CONTENIDO CON FORMATO |
| Nota de contenido con formato |
Marco Spada extres: "Marco Spada" un ballet francès al Bolchoï (24 min; en francès, subtítols opcionals en anglès). |
| 511 1# - NOTA DE PARTICIPANTES O INTÉRPRETES |
| Nota de participantes o intérpretes |
La bayadère: Svetlana Zakharova, Vladislav Lantratov, Maria Alexandrova ; Orchestra of the Bolshoi Theatre ; conducted by Pavel Sorokin. |
| 511 1# - NOTA DE PARTICIPANTES O INTÉRPRETES |
| Nota de participantes o intérpretes |
Marco Spada: David Hallberg (Marco Spada) ; Evguenia Obraztsova (Angela) ; Olga Smirnova (Marchesa Sampietri) ; Semion Chudin (Prince Federici) ; Igor Tsvirko (Count Pepinelli) ; Bolshoi Ballet ; Bolshoi Theatre Orchestra ; Alexey Bogorad, conductor. |
| 511 1# - NOTA DE PARTICIPANTES O INTÉRPRETES |
| Nota de participantes o intérpretes |
Swan lake: Svetlana Zakharova, Denis Rodkin, Artemy Belyakov ; Orchestra of the Bolshoi Theatre ; conducted by Pavel Sorokin. |
| 511 1# - NOTA DE PARTICIPANTES O INTÉRPRETES |
| Nota de participantes o intérpretes |
The golden age: Nina Kaptsova, Ruslan Skvortsov, Mikhail Lobukhin, Ekaterina Krysanova ; Orchestra of the Bolshoi Theatre ; conducted by Pavel Klinichev. |
| 518 ## - NOTA DE FECHA/HORA Y LUGAR DE UN ACONTECIMIENTO |
| Nota de fecha/hora y lugar de un acontecimiento |
La bayadère: Enregistrat al Bolshoi Theatre, Moscou, 2014 |
| 518 ## - NOTA DE FECHA/HORA Y LUGAR DE UN ACONTECIMIENTO |
| Nota de fecha/hora y lugar de un acontecimiento |
Marco Spada: Enregistrat al Bolshoi Theatre, Moscou, 2013. |
| 518 ## - NOTA DE FECHA/HORA Y LUGAR DE UN ACONTECIMIENTO |
| Nota de fecha/hora y lugar de un acontecimiento |
Swan lake: : Enregistrat al Bolshoi Theatre, Moscou, 2015. |
| 518 ## - NOTA DE FECHA/HORA Y LUGAR DE UN ACONTECIMIENTO |
| Nota de fecha/hora y lugar de un acontecimiento |
The golden age: Enregistrat al Bolshoi Theatre, Moscou, 2016. |
| 650 #7 - PUNTO DE ACCESO ADICIONAL DE MATERIA--TÉRMINO DE MATERIA |
| Término de materia o nombre geográfico como elemento de entrada |
Dansa clàssica |
| Subdivisión general |
Coreografies |
| 9 (RLIN) |
56589 |
| 650 #0 - PUNTO DE ACCESO ADICIONAL DE MATERIA--TÉRMINO DE MATERIA |
| Término de materia o nombre geográfico como elemento de entrada |
Dansa filmada |
| 9 (RLIN) |
166159 |
| 700 ## - ENTRADA AGREGADA--NOMBRE PERSONAL |
| Nombre de persona |
Duplat, François |
| Término indicativo de función/relación |
productor cinematogràfic |
| 9 (RLIN) |
113610 |
| 700 ## - ENTRADA AGREGADA--NOMBRE PERSONAL |
| Nombre de persona |
Bataillon, Vincent |
| Término indicativo de función/relación |
director cinematogràfic |
| -- |
director de fotografia |
| 9 (RLIN) |
108503 |
| 700 #2 - ENTRADA AGREGADA--NOMBRE PERSONAL |
| Nombre de persona |
Minkus, L., |
| Fechas asociadas al nombre |
1826-1917. |
| Título de la obra |
Bayadère |
| 9 (RLIN) |
130140 |
| 700 1# - ENTRADA AGREGADA--NOMBRE PERSONAL |
| Nombre de persona |
Petipa, Marius, |
| Fechas asociadas al nombre |
1818-1910 |
| Término indicativo de función/relación |
coreògraf |
| 9 (RLIN) |
55719 |
| 700 1# - ENTRADA AGREGADA--NOMBRE PERSONAL |
| Nombre de persona |
Grigorovitx, Iuri Nikolàievitx, |
| Fechas asociadas al nombre |
1927-2025 |
| Término indicativo de función/relación |
coreògraf |
| 9 (RLIN) |
165927 |
| 700 ## - ENTRADA AGREGADA--NOMBRE PERSONAL |
| Nombre de persona |
Lacotte, Pierre |
| Término indicativo de función/relación |
coreògraf |
| 9 (RLIN) |
94177 |
| 700 1# - ENTRADA AGREGADA--NOMBRE PERSONAL |
| Nombre de persona |
Zakharova, Svetlana |
| Término indicativo de función/relación |
ballarí |
| 9 (RLIN) |
53071 |
| 700 1# - ENTRADA AGREGADA--NOMBRE PERSONAL |
| Nombre de persona |
Lantratov, Vladislav |
| Término indicativo de función/relación |
ballarí |
| 9 (RLIN) |
167727 |
| 700 1# - ENTRADA AGREGADA--NOMBRE PERSONAL |
| Nombre de persona |
Aleksandrova, Mariia, |
| Fechas asociadas al nombre |
1978- |
| Término indicativo de función/relación |
ballarí |
| 9 (RLIN) |
167728 |
| 700 1# - ENTRADA AGREGADA--NOMBRE PERSONAL |
| Nombre de persona |
Sorokin, Pavel |
| Término indicativo de función/relación |
director d'orquestra |
| 9 (RLIN) |
167729 |
| 700 ## - ENTRADA AGREGADA--NOMBRE PERSONAL |
| Nombre de persona |
Hallberg, David |
| Término indicativo de función/relación |
ballarí |
| 9 (RLIN) |
127723 |
| 700 1# - ENTRADA AGREGADA--NOMBRE PERSONAL |
| Nombre de persona |
Obrazt︠s︡ova, Evguenya |
| Término indicativo de función/relación |
ballarí |
| 9 (RLIN) |
167730 |
| 700 ## - ENTRADA AGREGADA--NOMBRE PERSONAL |
| Nombre de persona |
Smirnova, Olga |
| Término indicativo de función/relación |
ballarí |
| 9 (RLIN) |
131688 |
| 700 1# - ENTRADA AGREGADA--NOMBRE PERSONAL |
| Nombre de persona |
Chudin, Semion |
| Término indicativo de función/relación |
ballarí |
| 9 (RLIN) |
167731 |
| 700 ## - ENTRADA AGREGADA--NOMBRE PERSONAL |
| Nombre de persona |
Tsvirko, Igor |
| Término indicativo de función/relación |
ballarí |
| 9 (RLIN) |
131690 |
| 700 1# - ENTRADA AGREGADA--NOMBRE PERSONAL |
| Nombre de persona |
Bogorad, Alexey |
| Término indicativo de función/relación |
director d'orquestra |
| 9 (RLIN) |
167732 |
| 700 1# - ENTRADA AGREGADA--NOMBRE PERSONAL |
| Nombre de persona |
Rodkin, Denis |
| Término indicativo de función/relación |
ballarí |
| 9 (RLIN) |
167733 |
| 700 1# - ENTRADA AGREGADA--NOMBRE PERSONAL |
| Nombre de persona |
Belyakov, Artemy |
| Término indicativo de función/relación |
ballarí |
| 9 (RLIN) |
167734 |
| 700 ## - ENTRADA AGREGADA--NOMBRE PERSONAL |
| Nombre de persona |
Kaptsova, Nina |
| Término indicativo de función/relación |
ballarí |
| 9 (RLIN) |
127727 |
| 700 ## - ENTRADA AGREGADA--NOMBRE PERSONAL |
| Nombre de persona |
Skvort︠s︡ov, Ruslan |
| Término indicativo de función/relación |
ballarí |
| 9 (RLIN) |
140974 |
| 700 ## - ENTRADA AGREGADA--NOMBRE PERSONAL |
| Nombre de persona |
Lobukhin, Mikhail |
| Término indicativo de función/relación |
ballarí |
| 9 (RLIN) |
140975 |
| 700 ## - ENTRADA AGREGADA--NOMBRE PERSONAL |
| Nombre de persona |
Krysanova, Ekaterina |
| Término indicativo de función/relación |
ballarí |
| 9 (RLIN) |
140976 |
| 700 ## - ENTRADA AGREGADA--NOMBRE PERSONAL |
| Nombre de persona |
Klinichev, Pavel |
| Término indicativo de función/relación |
director d'orquestra |
| 9 (RLIN) |
127869 |
| 700 12 - ENTRADA AGREGADA--NOMBRE PERSONAL |
| Información de relación/Frase instructiva de referencia |
Contenidor de (obra): |
| Nombre de persona |
Auber, D. F. E. |
| Forma completa/desarrollada del nombre |
(Daniel François Esprit), |
| Fechas asociadas al nombre |
1782-1871. |
| Título de la obra |
Marco Spada |
| 9 (RLIN) |
167735 |
| 700 #2 - ENTRADA AGREGADA--NOMBRE PERSONAL |
| Nombre de persona |
Txaikovski, Piotr Ílitx, |
| Fechas asociadas al nombre |
1840-1893 |
| Título de la obra |
Lebedínoe ózero |
| 9 (RLIN) |
135244 |
| 700 12 - ENTRADA AGREGADA--NOMBRE PERSONAL |
| Nombre de persona |
Xostakóvitx, Dmitri Dmítrievitx, |
| Fechas asociadas al nombre |
1906-1975. |
| Título de la obra |
Zolotoi vek |
| 9 (RLIN) |
167736 |
| 700 1# - ENTRADA AGREGADA--NOMBRE PERSONAL |
| Nombre de persona |
Auber, D. F. E. |
| Forma completa/desarrollada del nombre |
(Daniel François Esprit), |
| Fechas asociadas al nombre |
1782-1871 |
| Término indicativo de función/relación |
compositor (expressió) |
| 9 (RLIN) |
5845 |
| 700 1# - ENTRADA AGREGADA--NOMBRE PERSONAL |
| Nombre de persona |
Scribe, Eugène, |
| Fechas asociadas al nombre |
1791-1861 |
| Término indicativo de función/relación |
llibretista |
| 9 (RLIN) |
45843 |
| 700 1# - ENTRADA AGREGADA--NOMBRE PERSONAL |
| Nombre de persona |
Auber, D. F. E. |
| Forma completa/desarrollada del nombre |
(Daniel François Esprit), |
| Fechas asociadas al nombre |
1782-1871 |
| Término indicativo de función/relación |
compositor |
| 9 (RLIN) |
5845 |
| 700 12 - ENTRADA AGREGADA--NOMBRE PERSONAL |
| Nombre de persona |
Grigorovich, Yuri. |
| Título de la obra |
Bayadère |
| 9 (RLIN) |
167737 |
| 700 12 - ENTRADA AGREGADA--NOMBRE PERSONAL |
| Nombre de persona |
Grigorovich, Yuri. |
| Título de la obra |
Lebedinoe ozero (1969) |
| 710 2# - ENTRADA AGREGADA--NOMBRE DE ENTIDAD CORPORATIVA |
| Nombre de entidad corporativa o nombre de jurisdicción como elemento de entrada |
Bol'shoi teatr SSSR. |
| Unidad subordinada |
Balet, |
| Término indicativo de función/relación |
intèrpret |
| 710 2# - ENTRADA AGREGADA--NOMBRE DE ENTIDAD CORPORATIVA |
| Nombre de entidad corporativa o nombre de jurisdicción como elemento de entrada |
Bolshoi teatr SSSR. |
| Unidad subordinada |
Orkestr, |
| Término indicativo de función/relación |
intèrpret |
| -- |
intèrpret |
| 710 2# - ENTRADA AGREGADA--NOMBRE DE ENTIDAD CORPORATIVA |
| Nombre de entidad corporativa o nombre de jurisdicción como elemento de entrada |
Gosudarstvennyi akademicheskii kamernyi orkestr Rossii, |
| Término indicativo de función/relación |
intèrpret |
| 710 2# - ENTRADA AGREGADA--NOMBRE DE ENTIDAD CORPORATIVA |
| Nombre de entidad corporativa o nombre de jurisdicción como elemento de entrada |
Bel Air Media (Firma), |
| Término indicativo de función/relación |
distribuïdor cinematogràfic, |
| -- |
productor |
| 710 2# - ENTRADA AGREGADA--NOMBRE DE ENTIDAD CORPORATIVA |
| Nombre de entidad corporativa o nombre de jurisdicción como elemento de entrada |
Mezzo (Emissora de televisió : Paris, França), |
| Término indicativo de función/relación |
productor |
| 710 2# - ENTRADA AGREGADA--NOMBRE DE ENTIDAD CORPORATIVA |
| Nombre de entidad corporativa o nombre de jurisdicción como elemento de entrada |
Pathé Live (Firma), |
| Término indicativo de función/relación |
productor |
| 710 2# - ENTRADA AGREGADA--NOMBRE DE ENTIDAD CORPORATIVA |
| Nombre de entidad corporativa o nombre de jurisdicción como elemento de entrada |
Bel Air Classiques, |
| Término indicativo de función/relación |
editor |
| 730 02 - ENTRADA AGREGADA--TÍTULO UNIFORME |
| Título uniforme |
Bayadère (Coreografia : Grigorovich a partir de Petipa) |
| 730 02 - ENTRADA AGREGADA--TÍTULO UNIFORME |
| Título uniforme |
Lebedínoe ózero (Coreografia : Grigorovich) |
| 730 02 - ENTRADA AGREGADA--TÍTULO UNIFORME |
| Título uniforme |
Marco Spada (Coreografia: Lacotte a partir de Mazilier) |
| 730 02 - ENTRADA AGREGADA--TÍTULO UNIFORME |
| Título uniforme |
Golden age (Coreografia : Grigorovich) |
| 740 02 - ENTRADA AGREGADA--TÍTULO RELACIONADO/ANALÍTICO NO CONTROLADO |
| Título relacionado o analítico no controlado |
Swan lake (Coreografia : Grigorovich) |
| 830 #0 - PUNTO DE ACCESO ADICIONAL DE SERIE-TÍTULO UNIFORME |
| Título uniforme |
Bolshoi Ballet HD collection |
| 908 ## - COLOCAR PARÁMETRO DE COMANDO (RLIN) |
| Colocar parámetro de comando |
CDMAE |
| 940 ## - EQUIVALENCIA O REFERENCIA-CRUZADA--TÍTULO UNIFORME [OBSOLETO] [solamente CAN/MARC] |
| Título uniforme |
<a href="OCLC">OCLC</a> |
| -- |
<a href="CDMAE">CDMAE</a> |
| 942 ## - ELEMENTOS DE ENTRADA AGREGADA (KOHA) |
| Fuente del sistema de clasificación o colocación |
Clasificación decimal universal |
| Tipo de ítem Koha |
Vídeo |